An essay on the distribution of wealth /

Bibliographic Details
Main Author: Ramsay, George, 1800-1871
Format: Book
Language:English
Published: Edinburgh : A. and C. Black; [etc., etc.], 1836.
Subjects:

MARC

Tag First Indicator Second Indicator Subfields
LEADER 00000cam a2200000 4500
001 in00000074257
005 20151008052545.0
008 800513s1836 stk 00010 eng
010 |a  05017039  
035 |a (OCoLC)06311645 
035 |9 AAH3872AM 
040 |a DLC  |c TXA  |d UtOrBLW 
049 |a TXAM  |c [183538] 
050 0 |a HB198  |b .R18 
092 |a 339  |b R178e 
100 1 |a Ramsay, George,  |d 1800-1871. 
245 1 3 |a An essay on the distribution of wealth /  |c By George Ramsay ... 
264 1 |a Edinburgh :  |b A. and C. Black; [etc., etc.],  |c 1836. 
300 |a xiii pages, 1 :  |b [11]-506 pages ;  |c 13 cm. 
336 |a text  |b txt  |2 rdacontent 
337 |a unmediated  |b n  |2 rdamedia 
338 |a volume  |b nc  |2 rdacarrier 
650 0 |a Wealth. 
999 |a MARS 
999 f f |s acafe286-9543-3631-b2b6-2957e1e2aad5  |i f5024b9e-7c5f-3b9b-8a42-0cc4a02ce394  |t 0 
952 f f |p normal  |a Texas A&M University  |b College Station  |c Sterling C. Evans Library  |d Evans: Library Stacks  |t 0  |e HB198 .R18  |h Library of Congress classification  |i unmediated -- volume  |m A14800776802 
998 f f |a HB198 .R18  |t 0  |l Evans: Library Stacks